000 01129 a2200205 4500
001 25650
005 20260407155540.0
008 260407a1950 arg spa d
003 AR-UNSa-BCEJYS
040 _aAR-UNSa-BCEJYS
_bspa
_cAR-UNSa-BCEJYS
080 _a51-7
_xEstudios y métodos matemáticos en otros campos del conocimiento. Matemáticas científicas. Matemáticas actuariales (Matemáticas Financieras)
245 1 0 _aCurso de algebra financiera
250 _a4a. ed
264 1 _aBarcelona :
_bBosch
_c1950
300 _a621 p.
_c21 cm.
505 _aParte I : Ampliación de Alegra : 1. Determinantes - 2. El número real - 3. Trigonometría - 4. Geometría Analítica - 5. Funciones reales - 6. Operaciones e intervalos fintios - 7. Cálculo de probabilidades - Segunda parte : Cálculo financiero : 1. Teoría del interés - 2. Rentas ciertas - 3. Amortización de prestamós - 4. Empréstitos por títulos reembolsables por sorteo - 5. La sucesión financiera - 6. Tablas financieras - 7. Tablas trigonométricas.
942 _cBK
590 _aniveau_biblio:m niveau_hierar:0
100 1 _aFornes Rubio, Francisco
999 _c1412
_d1412